Золотое сечение в архитектуре города Томска; Электротехника, электромеханика и электротехнологии

Detalles Bibliográficos
Parent link:Электротехника, электромеханика и электротехнологии.— 2006.— С. 333-336
Autor principal: Гаврилов С. А.
Otros Autores: Татаринов В. А. (научный руководитель), Франковский Б. А.
Lenguaje:ruso
Publicado: 2006
Materias:
Formato: Capítulo de libro
KOHA link:https://koha.lib.tpu.ru/cgi-bin/koha/opac-detail.pl?biblionumber=110538

MARC

LEADER 00000naa2a2200000 4500
001 110538
005 20231031120508.0
035 |a (RuTPU)RU\TPU\book\119380 
090 |a 110538 
100 |a 20070226d2006 k y0rusy50 ca 
101 0 |a rus 
102 |a RU 
200 1 |a Золотое сечение в архитектуре города Томска  |f С. А. Гаврилов, В. А. Татаринов  |g науч. рук. Б. А. Франковский  
320 |a Библиогр.: 3 назв. 
463 0 |0 (RuTPU)RU\TPU\book\114165  |t Электротехника, электромеханика и электротехнологии  |o труды шестой региональной научно-практической студенческой конференции, Томск, 6-9 июня 2006 г.  |f Томский политехнический университет; Электротехнический институт  |v С. 333-336  |d 2006  |p 360 с. 
610 1 |a Томск 
610 1 |a архитектура 
610 1 |a Золотое сечение 
610 1 |a пропорции 
610 1 |a модуль 
610 1 |a труды учёных ТПУ 
700 1 |a Гаврилов  |b С. А. 
701 1 |a Татаринов  |b В. А. 
702 1 |a Франковский   |b Б. А.  |4 727 
801 1 |a RU  |b 63413507  |c 20070226  |g PSBO 
801 2 |a RU  |b 63413507  |c 20091015  |g PSBO 
942 |c BK